Loiret - mort subite - Statistiques

Statistiques générales
  • Ce quiz a été pris 39 fois
  • Le résultat moyen est 3 sur 18
Answers on the Grid
Answers color-coded by a green-red scale on the quiz's grid according to % correct below.
Orléans
Le château de Chenonceau
Le lieu de naissance de Jeanne d'Arc
La rivière Loiret entière
Une gare TGV
Une zone occupée par La Bavière en 1815
Le château de Gien
Akure
Fleury-les-Aubrais
Tannounyan
Yèvre-le-Châtel
Sancerre
Saint-Jean-de-Braye
Des torcols fourmiliers
Nacala
Magny-Cours
Kericho
Le tombeau de Louis XI
Île d'Orléans
Le site d'un raid magyar
Les dhuis
La Beauce
Une université fondée en 1306
Olivet
Cosne-Cours-sur-Loire
Un ancien port majeur
Frameries
Ouzouer-sur-Trézée
Rogny-les-Sept-Écluses
Le site de Civitas Aurelianorum
Des gorgebleues à miroir
L'ancienne province de Gâtinais
Montargis
Parc naturel Livradois-Forez
Le Pirée
Parc naturel de l'Avesnois
 
Statistiques - réponses
Réponse % Correct
Orléans
95%
Banlieue d'Orléans Fleury-les-Aubrais
33%
Région naturelle La Beauce
24%
Le château de Gien
24%
Longue de 12 km La rivière Loiret entière
19%
Montargis
19%
Olivet
19%
Banlieue d'Orléans Saint-Jean-de-Braye
19%
L'ancienne province de Gâtinais
14%
Yèvre-le-Châtel
14%
De petits îlots faisant office de digues au milieu de la Loire à Orléans Les dhuis
10%
Cléry-Saint-André Le tombeau de Louis XI
10%
937 (les Hongrois contre l'armée du comte Ebbes de Déols) Le site d'un raid magyar
5%
Au XVIIIe siècle, Orléans était la capitale européenne du raffinage du sucre de canne en provenance des Antilles Un ancien port majeur
5%
Jynx torquilla (wryneck) Des torcols fourmiliers
0%
Le nom romain d'Orléans Le site de Civitas Aurelianorum
0%
Ouzouer-sur-Trézée
0%
Une zone occupée par La Bavière en 1815
0%
Aucun quiz correspondant
Distribution des résultats
% des personnes avec chaque résultat
Percentile par nombre de réponses
Votre historique - résultats
Vous n’avez pas pris ce quiz